[Event "Bayern-chTT (LL Nord)"]
[Site "Bayern 2008/09"]
[Date "2009.01.18"]
[Round "5.1"]
[White "Koch, Moritz"]
[Black "Loos, Roland"]
[Result "1-0"]
[WhiteElo "2249"]
[BlackElo "2276"]
[PlyCount "69"]
[EventDate "2009.03.??"]
[EventType "team-tourn"]
[EventRounds "9"]
[WhiteTeam "Puschendorf 1"]
[BlackTeam "Neutraubling 1"]

1. e4 c5 2. d3 Nc6 3. g3 d5 4. Nd2 Nf6 5. Bg2 g6 6. f4 Ng4 7. Nb1 dxe4 8. h3
Nf6 9. dxe4 Qxd1+ 10. Kxd1 e5 11. Ne2 Be6 12. Be3 O-O-O+ 13. Nd2 b6 14. Kc1 Bg7
15. Rf1 h5 16. Nc3 Bh6 17. Re1 Nd4 18. fxe5 Bxe3 19. Rxe3 Nd7 20. Nd5 Nxe5 21.
c3 Ndc6 22. Kc2 g5 23. Rf1 Rh6 24. b3 f5 25. c4 h4 26. exf5 Bxf5+ 27. Rxf5 Nd4+
28. Kc3 Nxf5 29. Rxe5 Nxg3 30. Rxg5 Re6 31. Rg7 Re1 32. Ne7+ Kd7 33. Nc6+ Kd6
34. Nxd8 Ne2+ 35. Kc2 1-0

[Event "Bayern-chTT (LL Nord)"]
[Site "Bayern 2008/09"]
[Date "2009.01.18"]
[Round "5.2"]
[White "Hitzler, Philipp"]
[Black "Lauer, Moritz"]
[Result "1/2-1/2"]
[WhiteElo "2220"]
[BlackElo "2242"]
[PlyCount "115"]
[EventDate "2009.03.??"]
[EventType "team-tourn"]
[EventRounds "9"]
[WhiteTeam "Neutraubling 1"]
[BlackTeam "Puschendorf 1"]

1. Nf3 Nf6 2. c4 e6 3. Nc3 Bb4 4. g3 b6 5. Bg2 Bb7 6. Qb3 a5 7. a3 Bxc3 8. Qxc3
O-O 9. d3 d6 10. O-O a4 11. e4 Nbd7 12. h3 Re8 13. Be3 c5 14. Rfd1 Qc7 15. Rac1
Bc6 16. Nd2 d5 17. cxd5 exd5 18. Qc2 Qb7 19. d4 Rac8 20. dxc5 bxc5 21. exd5
Bxd5 22. Bxd5 Nxd5 23. Nc4 Qc6 24. Qd3 Nxe3 25. Nxe3 Nf6 26. Nd5 Nxd5 27. Qxd5
Qb6 28. Rc2 Rcd8 29. Qf3 Rxd1+ 30. Qxd1 g6 31. Qd5 Qb5 32. Qc4 Re1+ 33. Kg2
Qc6+ 34. f3 Re3 35. Rf2 Rb3 36. h4 h5 37. Qc2 c4 38. Qd2 Qf6 39. Qc1 c3 40.
bxc3 Qxc3 41. Qxc3 Rxc3 42. f4 Rxa3 43. f5 Rb3 44. fxg6 fxg6 45. Rf4 a3 46. Kf2
Kg7 47. Kg2 Rb2+ 48. Kf3 Rb3+ 49. Kf2 Rb1 50. Ra4 Ra1 51. Ra6 a2 52. Kg2 Kf7
53. Kh2 Ke7 54. Kg2 Kd7 55. Kh2 Kc7 56. Kg2 Kb7 57. Ra3 Kc6 58. Ra8 1/2-1/2

[Event "Bayern-chTT (LL Nord)"]
[Site "Bayern 2008/09"]
[Date "2009.01.18"]
[Round "5.3"]
[White "Lowitz, Torsten"]
[Black "Werner, Claus"]
[Result "1/2-1/2"]
[WhiteElo "2067"]
[BlackElo "2197"]
[PlyCount "78"]
[EventDate "2009.03.??"]
[EventType "team-tourn"]
[EventRounds "9"]
[WhiteTeam "Puschendorf 1"]
[BlackTeam "Neutraubling 1"]

1. e4 e6 2. d4 d5 3. Nd2 Nf6 4. e5 Nfd7 5. Bd3 c5 6. c3 b5 7. Bxb5 Qb6 8. Qe2
cxd4 9. cxd4 Nc6 10. Ngf3 Rb8 11. a4 a6 12. Bxc6 Qxc6 13. O-O a5 14. Qe3 Ba6
15. Re1 Bb4 16. b3 O-O 17. Bb2 Qc2 18. Rab1 Rfc8 19. h3 Qf5 20. Rec1 h6 21. Bc3
Bd3 22. Bxb4 Bxb1 23. Rxc8+ Rxc8 24. Bxa5 Qc2 25. Bb4 Nb8 26. Bc5 Ba2 27. Ne1
Qd1 28. Kh2 Na6 29. Bd6 Rc1 30. Nef3 Qc2 31. Qe2 Nc7 32. a5 Qc6 33. b4 Bc4 34.
Nxc4 dxc4 35. Qb2 Rf1 36. Bc5 Nb5 37. Qe2 Rc1 38. Qb2 Rf1 39. Qe2 Rc1 1/2-1/2

[Event "Bayern-chTT (LL Nord)"]
[Site "Bayern 2008/09"]
[Date "2009.01.18"]
[Round "5.4"]
[White "Wutz, Christoph"]
[Black "Kotz, Reinhard"]
[Result "1-0"]
[WhiteElo "2145"]
[BlackElo "2075"]
[PlyCount "83"]
[EventDate "2009.03.??"]
[EventType "team-tourn"]
[EventRounds "9"]
[WhiteTeam "Neutraubling 1"]
[BlackTeam "Puschendorf 1"]

1. Nf3 Nc6 2. g3 e5 3. d3 d5 4. Bg2 Bc5 5. Nxe5 Bxf2+ 6. Kxf2 Nxe5 7. Rf1 Be6
8. Kg1 Ne7 9. c3 Qd7 10. Nd2 h5 11. d4 N5g6 12. e4 c6 13. Qe2 h4 14. exd5 cxd5
15. Nf3 hxg3 16. hxg3 Nf5 17. Qf2 Qd6 18. Ne5 Nxe5 19. dxe5 Qc7 20. Bg5 Ne7 21.
Rae1 Nf5 22. Rd1 Qc4 23. Bf3 Rh3 24. g4 Rg3+ 25. Kh2 Kd7 26. gxf5 Rxg5 27.
fxe6+ fxe6 28. Bg2 Rh8+ 29. Kg1 Rxe5 30. Rd4 Qxa2 31. Qg3 Rhh5 32. Qxg7+ Kc6
33. Qf7 Rhg5 34. Qe8+ Kd6 35. Qb8+ Kc6 36. Qc8+ Kd6 37. Qxb7 Ref5 38. Re1 Qa5
39. Qc8 Rf6 40. Qb8+ Kc6 41. Rc4+ Kd7 42. Qb7+ 1-0

[Event "Bayern-chTT (LL Nord)"]
[Site "Bayern 2008/09"]
[Date "2009.01.18"]
[Round "5.5"]
[White "Seregelyes, Csaba"]
[Black "Gegenfurtner, Juergen"]
[Result "0-1"]
[WhiteElo "2056"]
[BlackElo "2089"]
[PlyCount "92"]
[EventDate "2009.03.??"]
[EventType "team-tourn"]
[EventRounds "9"]
[WhiteTeam "Puschendorf 1"]
[BlackTeam "Neutraubling 1"]

1. e4 c5 2. Nc3 Nc6 3. g3 g6 4. Bg2 Bg7 5. d3 e6 6. Be3 d6 7. Qd2 Nd4 8. Nd1
Ne7 9. c3 Ndc6 10. Ne2 O-O 11. O-O b5 12. f4 Bb7 13. Nf2 f5 14. e5 Na5 15. Bxb7
Nxb7 16. d4 c4 17. exd6 Nxd6 18. Qc2 Nd5 19. Bd2 Nf6 20. b3 Nde4 21. Nxe4 Nxe4
22. bxc4 bxc4 23. Be3 Qa5 24. Rfb1 Rfb8 25. Bf2 Rb6 26. Be1 Rab8 27. Kf1 Qd5
28. Ng1 h6 29. Rxb6 Rxb6 30. Rb1 Ra6 31. Qe2 Ra3 32. Qb2 Bf8 33. Ne2 Nf6 34.
Kg1 Qf3 35. Nc1 Ne4 36. Ne2 g5 37. Rc1 Ra6 38. Rc2 Rb6 39. Qc1 Be7 40. Qd1 Qd3
41. Bd2 Ba3 42. Nc1 Bxc1 43. Qxc1 Nxd2 44. Qxd2 Rb1+ 45. Kf2 Qf1+ 46. Ke3 Re1+
0-1

[Event "Bayern-chTT (LL Nord)"]
[Site "Bayern 2008/09"]
[Date "2009.01.18"]
[Round "5.6"]
[White "Dietrich, Reinhard(70)"]
[Black "Sarec, Ivica"]
[Result "1/2-1/2"]
[WhiteElo "2006"]
[BlackElo "2016"]
[PlyCount "47"]
[EventDate "2009.03.??"]
[EventType "team-tourn"]
[EventRounds "9"]
[WhiteTeam "Neutraubling 1"]
[BlackTeam "Puschendorf 1"]

1. e4 c5 2. Nf3 e6 3. d4 cxd4 4. Nxd4 Nc6 5. Nc3 Qc7 6. g3 a6 7. a4 d6 8. Bg2
Bd7 9. Nde2 Nf6 10. O-O Be7 11. b3 Rc8 12. Bb2 Ne5 13. Nd4 h5 14. h3 Ng6 15.
Qd2 O-O 16. Rad1 Rfd8 17. Rfe1 Be8 18. Re2 b6 19. Qe3 Nd7 20. Na2 Bf6 21. c4 h4
22. Nb4 Nc5 23. g4 Be5 24. Rc2 1/2-1/2

[Event "Bayern-chTT (LL Nord)"]
[Site "Bayern 2008/09"]
[Date "2009.01.18"]
[Round "5.7"]
[White "Steinmueller, Alexander"]
[Black "Wltschek, Christian"]
[Result "1-0"]
[WhiteElo "2002"]
[BlackElo "1882"]
[PlyCount "65"]
[EventDate "2009.03.??"]
[EventType "team-tourn"]
[EventRounds "9"]
[WhiteTeam "Puschendorf 1"]
[BlackTeam "Neutraubling 1"]

1. e4 c5 2. d3 Nc6 3. g3 g6 4. Bg2 Bg7 5. f4 d6 6. Nf3 e5 7. O-O Nge7 8. Nc3
O-O 9. f5 gxf5 10. Nh4 f4 11. gxf4 Ng6 12. Nf5 Bxf5 13. exf5 Nxf4 14. Bxf4 exf4
15. Qh5 h6 16. Rxf4 Qg5 17. Qxg5 hxg5 18. Rg4 Bd4+ 19. Kh1 f6 20. Bd5+ Kg7 21.
Nb5 Rab8 22. c3 Be5 23. Nc7 Rh8 24. Ne6+ Kh6 25. d4 cxd4 26. cxd4 Ne7 27. Be4
d5 28. Bd3 Bd6 29. Rf1 Kh7 30. Nxg5+ fxg5 31. f6+ Ng6 32. Rxg5 Rhg8 33. Rh5#
1-0

[Event "Bayern-chTT (LL Nord)"]
[Site "Bayern 2008/09"]
[Date "2009.01.18"]
[Round "5.8"]
[White "Werner, Holger(72)"]
[Black "Ter-Akopyan, Bagrat"]
[Result "0-1"]
[WhiteElo "1824"]
[BlackElo "1936"]
[PlyCount "88"]
[EventDate "2009.03.??"]
[EventType "team-tourn"]
[EventRounds "9"]
[WhiteTeam "Neutraubling 1"]
[BlackTeam "Puschendorf 1"]

1. e4 c5 2. Nc3 Nc6 3. g3 g6 4. Bg2 Bg7 5. d3 b6 6. Be3 e6 7. Qd2 Bb7 8. Nf3 d6
9. d4 Nf6 10. d5 exd5 11. exd5 Ne7 12. O-O-O O-O 13. Bg5 b5 14. Nh4 Qa5 15. Qf4
b4 16. Bxf6 bxc3 17. Bxg7 Kxg7 18. Qc4 cxb2+ 19. Kxb2 Kg8 20. Qc3 Qxc3+ 21.
Kxc3 g5 22. Rhe1 Rfe8 23. Nf3 h6 24. Nd2 Nxd5+ 25. Bxd5 Bxd5 26. Nc4 Rxe1 27.
Rxe1 Bxc4 28. Kxc4 Rb8 29. Re7 Rb4+ 30. Kc3 a5 31. Ra7 a4 32. Kd3 Kg7 33. f3
Kf6 34. c3 Rb2 35. Rxa4 Rxh2 36. Ra8 Rh3 37. a4 Rxg3 38. Ke4 Ke6 39. c4 f5+ 40.
Ke3 g4 41. a5 Rxf3+ 42. Ke2 Ra3 43. a6 Ke5 44. a7 Kf4 0-1

[Event "Bayern-chTT (LL Nord)"]
[Site "Bayern 2008/09"]
[Date "2009.01.18"]
[Round "5.1"]
[White "Priborsky, Jan"]
[Black "Tran, Phat"]
[Result "1-0"]
[WhiteElo "2357"]
[BlackElo "2234"]
[PlyCount "47"]
[EventDate "2009.03.??"]
[EventType "team-tourn"]
[EventRounds "9"]
[WhiteTeam "Kötzting 1"]
[BlackTeam "Nürnberg-NT 2"]

1. e4 c5 2. Nf3 g6 3. d4 Bg7 4. dxc5 Na6 5. Bxa6 bxa6 6. c3 Bb7 7. Qd3 Nf6 8.
Nbd2 Rc8 9. O-O Rxc5 10. Re1 O-O 11. Nb3 Rh5 12. Bf4 d6 13. Rad1 Qa8 14. Nfd2
Rd8 15. f3 Nd7 16. Qe2 f5 17. Nd4 fxe4 18. Ne6 exf3 19. Nxf3 Bxf3 20. gxf3 Ne5
21. Nxd8 Qxd8 22. Bxe5 Bxe5 23. f4 Bxf4 24. Qc4+ 1-0

[Event "Bayern-chTT (LL Nord)"]
[Site "Bayern 2008/09"]
[Date "2009.01.18"]
[Round "5.2"]
[White "Sommer, Matthias(70)"]
[Black "Muehlbauer, Andreas(80)"]
[Result "1-0"]
[WhiteElo "2141"]
[BlackElo "2110"]
[PlyCount "71"]
[EventDate "2009.03.??"]
[EventType "team-tourn"]
[EventRounds "9"]
[WhiteTeam "Nürnberg-NT 2"]
[BlackTeam "Kötzting 1"]

1. d4 Nf6 2. c4 c5 3. d5 b5 4. cxb5 a6 5. bxa6 Bxa6 6. Nc3 d6 7. e4 Bxf1 8.
Kxf1 g6 9. Nf3 Nbd7 10. g3 Bg7 11. Kg2 O-O 12. h3 Qb6 13. Re1 Rfb8 14. Re2 Ne8
15. Bg5 Nc7 16. Rc1 Bxc3 17. bxc3 f6 18. Bf4 Ra5 19. h4 Qa6 20. Rcc2 Nb5 21.
Bc1 Na3 22. Bxa3 Rxa3 23. Qc1 Ra8 24. h5 Kg7 25. hxg6 hxg6 26. Qb1 Nb6 27. Re1
Nc4 28. Rh1 Rh8 29. Rxh8 Kxh8 30. Qb8+ Kg7 31. Nh4 Qa4 32. Qb1 Ne3+ 33. fxe3
Qxe4+ 34. Kh3 Rxc3 35. Rb2 Qxe3 36. Qxg6+ 1-0

[Event "Bayern-chTT (LL Nord)"]
[Site "Bayern 2008/09"]
[Date "2009.01.18"]
[Round "5.4"]
[White "Wulfmeyer, Johannes"]
[Black "Muehlbauer, Gerhard"]
[Result "1/2-1/2"]
[WhiteElo "2098"]
[BlackElo "1973"]
[PlyCount "82"]
[EventDate "2009.03.??"]
[EventType "team-tourn"]
[EventRounds "9"]
[WhiteTeam "Nürnberg-NT 2"]
[BlackTeam "Kötzting 1"]

1. c4 Nf6 2. Nc3 g6 3. g3 Bg7 4. Bg2 e5 5. e4 d6 6. Nge2 Be6 7. d3 Qd7 8. O-O
Nc6 9. Nd5 Nh5 10. h3 f5 11. Bg5 h6 12. exf5 gxf5 13. Bh4 O-O 14. f4 Nf6 15.
Qd2 Rab8 16. Rae1 Bxd5 17. cxd5 Ne7 18. Nc3 Ng6 19. fxe5 dxe5 20. Bxf6 Rxf6 21.
h4 Rd6 22. Bh3 Rf8 23. Qf2 Ne7 24. Qxa7 Nxd5 25. Nxd5 Rxd5 26. Qxb7 Rxd3 27.
Qg2 e4 28. Rxe4 Qd6 29. Ref4 Be5 30. Bxf5 Bxf4 31. gxf4+ Kh8 32. Bxd3 Rg8 33.
Qxg8+ Kxg8 34. Bc4+ Kf8 35. b3 Qd4+ 36. Kg2 Qe4+ 37. Kg3 Kg7 38. f5 Kf6 39. Rf2
Qe5+ 40. Kg2 Qe4+ 41. Kg3 Qe5+ 1/2-1/2

[Event "Bayern-chTT (LL Nord)"]
[Site "Bayern 2008/09"]
[Date "2009.01.18"]
[Round "5.5"]
[White "Priborsky, Marek"]
[Black "Willim, Michael"]
[Result "1/2-1/2"]
[WhiteElo "2170"]
[BlackElo "2051"]
[PlyCount "39"]
[EventDate "2009.03.??"]
[EventType "team-tourn"]
[EventRounds "9"]
[WhiteTeam "Kötzting 1"]
[BlackTeam "Nürnberg-NT 2"]

1. e4 e6 2. d4 d5 3. Nd2 Nf6 4. Bd3 c5 5. e5 Nfd7 6. c3 Nc6 7. Ne2 cxd4 8. cxd4
f6 9. exf6 Qxf6 10. Nf3 h6 11. O-O Bd6 12. Ng3 O-O 13. Bc2 Rd8 14. Re1 Nf8 15.
Ne5 Bd7 16. Re3 Be8 17. Rf3 Qh4 18. Rf4 Qe7 19. Nxc6 bxc6 20. Rg4 1/2-1/2

[Event "Bayern-chTT (LL Nord)"]
[Site "Bayern 2008/09"]
[Date "2009.01.18"]
[Round "5.6"]
[White "Reiser, Wolfgang"]
[Black "Novacek, Karel"]
[Result "1/2-1/2"]
[WhiteElo "2079"]
[BlackElo "1938"]
[PlyCount "75"]
[EventDate "2009.03.??"]
[EventType "team-tourn"]
[EventRounds "9"]
[WhiteTeam "Nürnberg-NT 2"]
[BlackTeam "Kötzting 1"]

1. e4 c5 2. Nf3 Nc6 3. d4 cxd4 4. Nxd4 e5 5. Nb5 d6 6. N1c3 a6 7. Na3 b5 8. Nd5
Nge7 9. c4 Nd4 10. Bg5 Rb8 11. cxb5 axb5 12. Rc1 f6 13. Qh5+ Ng6 14. Nc7+ Kf7
15. Be3 Rb7 16. Nd5 Kg8 17. Bd3 Be6 18. O-O Qd7 19. h3 Bf7 20. Qd1 Ne6 21. Qd2
Nc5 22. Bb1 Ne7 23. Nb4 Nc8 24. Rfd1 Qe7 25. Nd5 Qe8 26. Qe2 h6 27. Qg4 Kh7 28.
f4 Bh5 29. Qf5+ Bg6 30. Qg4 Bh5 31. Qg3 Bxd1 32. Rxd1 Qg6 33. Qf3 Ne7 34. b4
Nd7 35. f5 Qf7 36. Bc2 Nxd5 37. Rxd5 Rb8 38. Bb3 1/2-1/2

[Event "Bayern-chTT (LL Nord)"]
[Site "Bayern 2008/09"]
[Date "2009.01.18"]
[Round "5.7"]
[White "Weingut, Roland"]
[Black "Sargin, Anatol"]
[Result "0-1"]
[WhiteElo "1845"]
[BlackElo "2112"]
[PlyCount "44"]
[EventDate "2009.03.??"]
[EventType "team-tourn"]
[EventRounds "9"]
[WhiteTeam "Kötzting 1"]
[BlackTeam "Nürnberg-NT 2"]

1. d4 e6 2. Nf3 d5 3. g3 f5 4. Bg2 Nf6 5. O-O Bd6 6. c4 c6 7. b3 Qe7 8. a4 O-O
9. Ba3 Bxa3 10. Nxa3 Bd7 11. Nc2 Be8 12. Nce1 Nbd7 13. Nd3 Bh5 14. Nfe5 Nxe5
15. dxe5 Ne4 16. Bxe4 fxe4 17. Nf4 Rxf4 18. gxf4 Rf8 19. f3 Rxf4 20. Qe1 exf3
21. exf3 Bxf3 22. Qf2 Rg4+ 0-1

[Event "Bayern-chTT (LL Nord)"]
[Site "Bayern 2008/09"]
[Date "2009.01.18"]
[Round "5.8"]
[White "Just, Hannes"]
[Black "Muehlbauer, Wolfgang sr(67)"]
[Result "1/2-1/2"]
[WhiteElo "2095"]
[BlackElo "1855"]
[PlyCount "136"]
[EventDate "2009.03.??"]
[EventType "team-tourn"]
[EventRounds "9"]
[WhiteTeam "Nürnberg-NT 2"]
[BlackTeam "Kötzting 1"]

1. Nf3 f5 2. e4 e6 3. e5 d5 4. exd6 cxd6 5. d4 Nc6 6. Bc4 d5 7. Bb3 Nf6 8. O-O
Bd6 9. c4 O-O 10. cxd5 exd5 11. Nc3 Ne7 12. Re1 h6 13. Bd2 Bd7 14. Ne5 Bc6 15.
Bf4 g5 16. Nxc6 bxc6 17. Bxd6 Qxd6 18. Qe2 Kf7 19. Qe5 Qxe5 20. Rxe5 Nd7 21.
Re2 Rfe8 22. Rae1 Ng6 23. Rxe8 Rxe8 24. Rxe8 Kxe8 25. Ba4 Ne7 26. f3 Nb6 27.
Bc2 Nc4 28. Nd1 Kd7 29. Kf2 Ke6 30. g3 Nd6 31. Ke3 Nc4+ 32. Kd3 Kd6 33. Kc3 Kd7
34. Bd3 Nd6 35. Kb4 Kc7 36. Ka5 Kb7 37. Nc3 Nec8 38. Na4 Kc7 39. Nc5 Ne7 40.
Ka6 Ndc8 41. b3 Kb8 42. a4 Kc7 43. Ne6+ Kb8 44. Ka5 Nd6 45. Be2 Kc8 46. Ka6 Kb8
47. h3 Ka8 48. Ka5 Kb8 49. Ba6 g4 50. fxg4 fxg4 51. hxg4 Ne4 52. Bd3 Nxg3 53.
Kb4 Kc8 54. Kc5 Kd7 55. Nf4 Ne4+ 56. Bxe4 dxe4 57. Ng2 Nd5 58. Kc4 Nf6 59. Ne3
Nd5 60. Nf5 Ke6 61. Nxh6 Kf6 62. Nf5 Kg5 63. Nd6 e3 64. Kd3 Kxg4 65. Nc4 Kf3
66. Ne5+ Kf2 67. Ng4+ Kf3 68. Ne5+ Kf2 1/2-1/2

[Event "Bayern-chTT (LL Nord)"]
[Site "Bayern 2008/09"]
[Date "2009.01.18"]
[Round "5.1"]
[White "Kraft, Volker(62)"]
[Black "Promyshlyanskiy, Vitaliy"]
[Result "1-0"]
[WhiteElo "2395"]
[BlackElo "2201"]
[PlyCount "75"]
[EventDate "2009.03.??"]
[EventType "team-tourn"]
[EventRounds "9"]
[WhiteTeam "Zirndorf 1"]
[BlackTeam "Erlangen-SC 1"]

1. e4 e5 2. Nf3 Nc6 3. Bb5 a6 4. Ba4 Nf6 5. O-O Be7 6. Re1 b5 7. Bb3 O-O 8. c3
d5 9. exd5 Nxd5 10. Nxe5 Nxe5 11. Rxe5 Nf6 12. d4 Bd6 13. Re1 Ng4 14. h3 Qh4
15. Qf3 Nxf2 16. Bd2 Bxh3 17. gxh3 Nxh3+ 18. Kf1 g5 19. Re4 Nf4 20. Bxf4 Bxf4
21. Nd2 Qh6 22. Re2 g4 23. Qxg4+ Kh8 24. Nf3 Qh1+ 25. Kf2 Be3+ 26. Rxe3 Qxa1
27. Ng5 Qxb2+ 28. Re2 Qb1 29. Nxf7+ Rxf7+ 30. Bxf7 Rf8 31. Qf3 Kg7 32. Re7 Qb2+
33. Kg3 Qa3 34. Rd7 h6 35. Qg4+ Kh8 36. Qg6 Qxc3+ 37. Kg4 Qc1 38. Qf6+ 1-0

[Event "Bayern-chTT (LL Nord)"]
[Site "Bayern 2008/09"]
[Date "2009.01.18"]
[Round "5.2"]
[White "Liepold, Stefan"]
[Black "Reis, Gerhard"]
[Result "1/2-1/2"]
[WhiteElo "2235"]
[BlackElo "2149"]
[PlyCount "172"]
[EventDate "2009.03.??"]
[EventType "team-tourn"]
[EventRounds "9"]
[WhiteTeam "Erlangen-SC 1"]
[BlackTeam "Zirndorf 1"]

1. e4 c5 2. Nf3 e6 3. d4 cxd4 4. Nxd4 Nf6 5. Nc3 Nc6 6. Ndb5 d6 7. Bf4 e5 8.
Bg5 a6 9. Na3 b5 10. Bxf6 gxf6 11. Nd5 f5 12. c3 Bg7 13. exf5 Bxf5 14. Nc2 Ne7
15. Nce3 Be6 16. g3 Nxd5 17. Nxd5 O-O 18. Bg2 Rb8 19. O-O Qd7 20. Qe2 Kh8 21.
Rad1 a5 22. Rd2 f5 23. Rfd1 e4 24. Nf4 Bc4 25. Qe3 Be5 26. f3 Qg7 27. fxe4 fxe4
28. Qxe4 Bxa2 29. Nd3 Bf6 30. Nc1 Bf7 31. Rxd6 b4 32. Rd7 bxc3 33. bxc3 Bxc3
34. Qd3 Bf6 35. Bd5 Bg6 36. Be4 Bxe4 37. Qxe4 Qg6 38. Qxg6 hxg6 39. Ne2 g5 40.
Nd4 Rfd8 41. Nc6 Rxd7 42. Rxd7 Ra8 43. h4 gxh4 44. Nxa5 Rxa5 45. gxh4 Ra2 46.
h5 Bg7 47. h6 Bxh6 48. Kf1 Bg7 49. Ke1 Kh7 50. Kd1 Kg6 51. Rd2 Ra1+ 52. Ke2 Kf5
53. Rc2 Ke4 54. Rd2 Bd4 55. Rc2 Rh1 56. Rd2 Rh3 57. Rc2 Bc3 58. Kd1 Kd3 59.
Rd2+ Kc4 60. Rg2 Re3 61. Re2 Rd3+ 62. Kc2 Rd7 63. Re4+ Bd4 64. Re2 Ra7 65. Rd2
Ra1 66. Re2 Ra7 67. Rd2 Be3 68. Re2 Kd4 69. Kd1 Ra1+ 70. Kc2 Rc1+ 71. Kb2 Rc8
72. Kb3 Kd3 73. Rb2 Bc1 74. Rb1 Rc7 75. Ka2 Kd2 76. Kb3 Kd3 77. Ka2 Bd2 78. Kb3
Ra7 79. Rb2 Ra1 80. Rc2 Rb1+ 81. Rb2 Rc1 82. Ka4 Rc5 83. Kb3 Bc1 84. Rb1 Rc4
85. Ka2 Bd2 86. Kb3 Rb4+ 1/2-1/2

[Event "Bayern-chTT (LL Nord)"]
[Site "Bayern 2008/09"]
[Date "2009.01.18"]
[Round "5.3"]
[White "Seibold, Hubert Dr"]
[Black "Walter, Thomas(78)"]
[Result "1-0"]
[WhiteElo "2148"]
[BlackElo "2069"]
[PlyCount "147"]
[EventDate "2009.03.??"]
[EventType "team-tourn"]
[EventRounds "9"]
[WhiteTeam "Zirndorf 1"]
[BlackTeam "Erlangen-SC 1"]

1. e4 c5 2. Nf3 d6 3. d4 cxd4 4. Nxd4 Nf6 5. Nc3 a6 6. Bg5 e6 7. f4 Be7 8. Qf3
Qc7 9. O-O-O Nbd7 10. g4 b5 11. Bxf6 gxf6 12. f5 Ne5 13. Qg3 b4 14. Nce2 Rg8
15. h3 Bb7 16. fxe6 fxe6 17. Nf4 Bxe4 18. Bg2 d5 19. Bxe4 dxe4 20. Ndxe6 Qc4
21. b3 Qc6 22. Nd4 Qc7 23. Nd5 Qa5 24. Nxe7 Kxe7 25. Kb1 Rac8 26. Qh4 Kf7 27.
Qxh7+ Rg7 28. Qxe4 Kg8 29. Rhf1 Qb6 30. Qd5+ Kh8 31. Qe6 Qxe6 32. Nxe6 Rh7 33.
Nf4 Rhc7 34. Rd2 Rc3 35. Nd3 Kg7 36. g5 Nxd3 37. gxf6+ Kf7 38. cxd3 R8c5 39.
Kb2 Rd5 40. Rf3 Re5 41. a3 a5 42. axb4 axb4 43. Rf4 Rc6 44. Rxb4 Kxf6 45. Rc4
Rd6 46. Kc3 Re3 47. h4 Rh3 48. b4 Ra6 49. b5 Rb6 50. Kb4 Ke6 51. Kc5 Rb8 52.
Re2+ Kf5 53. Rf2+ Kg6 54. Rd4 Re3 55. Rd5 Re1 56. Rb2 Rc1+ 57. Kd4 Rh1 58. h5+
Kg7 59. b6 Rh4+ 60. Kc5 Ra4 61. b7 Ra6 62. Rb6 Ra2 63. Kc6 Rc2+ 64. Rc5 Rf2 65.
h6+ Kh7 66. Kc7 Rff8 67. Rd5 Kh8 68. Rd7 Rg8 69. Rbd6 Rbf8 70. Rd8 Rf7+ 71. Kb6
Kh7 72. Rxg8 Kxg8 73. Rg6+ Kh7 74. Rg7+ 1-0

[Event "Bayern-chTT (LL Nord)"]
[Site "Bayern 2008/09"]
[Date "2009.01.18"]
[Round "5.4"]
[White "Martin Fernandez, Rodrigo"]
[Black "Heimrath, Wolfgang"]
[Result "1/2-1/2"]
[WhiteElo "2085"]
[BlackElo "2088"]
[PlyCount "117"]
[EventDate "2009.03.??"]
[EventType "team-tourn"]
[EventRounds "9"]
[WhiteTeam "Erlangen-SC 1"]
[BlackTeam "Zirndorf 1"]

1. d4 Nf6 2. c4 e6 3. Nc3 Bb4 4. Qc2 O-O 5. a3 Bxc3+ 6. Qxc3 b5 7. cxb5 c6 8.
Bg5 cxb5 9. e3 a6 10. Nf3 Bb7 11. Be2 Nc6 12. O-O Rc8 13. Qd3 d6 14. Nd2 Na5
15. Rac1 Qb6 16. Bxf6 gxf6 17. b4 Nc6 18. Ne4 Qd8 19. f4 f5 20. Nc3 Ne7 21. Bf3
Bxf3 22. Rxf3 Rc4 23. Rff1 d5 24. Ne2 Qd6 25. Rc3 Rfc8 26. Rfc1 Kh8 27. Qd2 Rg8
28. R1c2 Rg4 29. Nc1 Rg8 30. Nd3 Ng6 31. Qe1 Qe7 32. Kh1 Rgc8 33. Nc5 Ra8 34.
g3 Kg7 35. Kg2 Ra7 36. Kf2 Nf8 37. Ra2 Nd7 38. Rxc4 dxc4 39. a4 Nxc5 40. bxc5
Qd7 41. Qc3 Kg6 42. Ra1 Qc7 43. h3 Rb7 44. g4 fxg4 45. hxg4 f6 46. Qc2+ Kg7 47.
axb5 axb5 48. Qe4 Qf7 49. Ra6 Re7 50. Rb6 e5 51. dxe5 fxe5 52. f5 c3 53. Kg3
Kf8 54. Rxb5 Qa2 55. Rb8+ Kf7 56. Qa8 Qxa8 57. Rxa8 Rc7 58. Ra2 Rxc5 59. Rc2
1/2-1/2

[Event "Bayern-chTT (LL Nord)"]
[Site "Bayern 2008/09"]
[Date "2009.01.18"]
[Round "5.6"]
[White "Klek, Hanna-Marie"]
[Black "Wiemer, Peter"]
[Result "1/2-1/2"]
[WhiteElo "1867"]
[BlackElo "2089"]
[PlyCount "105"]
[EventDate "2009.03.??"]
[EventType "team-tourn"]
[EventRounds "9"]
[WhiteTeam "Erlangen-SC 1"]
[BlackTeam "Zirndorf 1"]

1. e4 e6 2. d3 d5 3. Nd2 Nf6 4. g3 dxe4 5. dxe4 c5 6. Bg2 Nc6 7. Ngf3 Be7 8.
O-O O-O 9. Re1 e5 10. c3 h6 11. Qc2 Be6 12. b3 Qc7 13. Bb2 Rfd8 14. Nf1 Rd7 15.
Ne3 Rad8 16. Red1 Rxd1+ 17. Rxd1 Rxd1+ 18. Nxd1 Qd7 19. Ne3 Ng4 20. Bc1 b5 21.
Bf1 a6 22. Qd2 Qxd2 23. Bxd2 Nxe3 24. Bxe3 Kf8 25. Be2 Ke8 26. Kf1 Kd7 27. Ke1
Kd6 28. Kd1 Bd8 29. Kc2 Bf6 30. Ne1 Nd8 31. Nd3 Nb7 32. f4 g5 33. Ne1 exf4 34.
gxf4 gxf4 35. Bxf4+ Be5 36. Bxh6 Bxh2 37. Nf3 Bg3 38. Bf8+ Kc6 39. Ng5 Nd8 40.
Bh5 f6 41. Be8+ Kc7 42. Nh7 f5 43. Bxc5 fxe4 44. Bg6 Nb7 45. Be3 Nd6 46. Nf6
Nf5 47. Kd2 Nxe3 48. Kxe3 Kb6 49. Nxe4 Bh2 50. Kd3 Bd5 51. Nf2 Be6 52. Be4 Be5
53. Nd1 1/2-1/2

[Event "Bayern-chTT (LL Nord)"]
[Site "Bayern 2008/09"]
[Date "2009.01.18"]
[Round "5.7"]
[White "Bildt, Thomas"]
[Black "Goetz, Andreas(66)"]
[Result "1-0"]
[WhiteElo "1985"]
[BlackElo "2066"]
[PlyCount "105"]
[EventDate "2009.03.??"]
[EventType "team-tourn"]
[EventRounds "9"]
[WhiteTeam "Zirndorf 1"]
[BlackTeam "Erlangen-SC 1"]

1. e4 c6 2. d4 d5 3. Nc3 dxe4 4. Nxe4 Nf6 5. Nxf6+ exf6 6. Nf3 Bd6 7. Bc4 Qe7+
8. Qe2 Qxe2+ 9. Bxe2 Bf5 10. c4 Bb4+ 11. Bd2 Bxd2+ 12. Kxd2 Na6 13. Bd3 Bxd3
14. Rhe1+ Kd7 15. Kxd3 Rhe8 16. Rxe8 Rxe8 17. a3 Nc7 18. Re1 Re6 19. Re3 Ne8
20. Nd2 Nd6 21. Ne4 Nxe4 22. Rxe4 Rd6 23. b4 a6 24. Re2 Kd8 25. a4 Kd7 26. Rb2
Re6 27. b5 axb5 28. axb5 Re1 29. bxc6+ bxc6 30. Rb7+ Ke8 31. Rc7 Re6 32. g4 f5
33. gxf5 Rf6 34. Ke4 Kd8 35. Ra7 g6 36. fxg6 hxg6 37. f3 Re6+ 38. Kf4 Rf6+ 39.
Ke4 Re6+ 40. Kf4 Rf6+ 41. Kg4 Rd6 42. d5 cxd5 43. cxd5 Rxd5 44. Rxf7 Rd2 45.
Kg5 Rxh2 46. Kxg6 Ke8 47. Rf5 Rg2+ 48. Kf6 Kf8 49. Ra5 Kg8 50. Rg5+ Rxg5 51.
Kxg5 Kg7 52. Kf5 Kf7 53. f4 1-0

[Event "Bayern-chTT (LL Nord)"]
[Site "Bayern 2008/09"]
[Date "2009.01.18"]
[Round "5.8"]
[White "Bachstein, Dustin"]
[Black "Birkmann, Guenther"]
[Result "1-0"]
[WhiteElo "2000"]
[BlackElo "1964"]
[PlyCount "29"]
[EventDate "2009.03.??"]
[EventType "team-tourn"]
[EventRounds "9"]
[WhiteTeam "Erlangen-SC 1"]
[BlackTeam "Zirndorf 1"]

1. e4 g6 2. d4 c6 3. Nc3 d5 4. Nf3 Bg4 5. Bd3 Bxf3 6. Qxf3 dxe4 7. Nxe4 Qxd4 8.
Bd2 f6 9. O-O-O Nd7 10. Bf4 O-O-O 11. Ng5 Ne5 12. Bxe5 Qxe5 13. Nf7 Qe6 14.
Nxd8 Qxa2 15. Qg4+ 1-0

[Event "Bayern-chTT (LL Nord)"]
[Site "Bayern 2008/09"]
[Date "2009.01.18"]
[Round "5.1"]
[White "Mathe, Gaspar"]
[Black "Golda, Harald"]
[Result "1/2-1/2"]
[WhiteElo "2361"]
[BlackElo "2298"]
[PlyCount "21"]
[EventDate "2009.03.??"]
[EventType "team-tourn"]
[EventRounds "9"]
[WhiteTeam "Schwandorf 1"]
[BlackTeam "Schweinfurt 1"]

1. e4 c5 2. Nf3 d6 3. Bc4 e6 4. c3 Nf6 5. Qe2 Nc6 6. d4 cxd4 7. cxd4 d5 8. exd5
Bb4+ 9. Nc3 Nxd5 10. Bd2 O-O 11. O-O 1/2-1/2